| 000 | 01064nam a2200277 i 4500 | ||
|---|---|---|---|
| 001 | bg | ||
| 245 | 0 | 0 |
_aModelowanie eksploatacji elektrowni : _bI Konferencja Naukowo-Techniczna MEE'98, Częstochowa 17-18 września 1998 / _c[red. nauk. mater. Władysław Brzozowski]. |
| 260 |
_aCzęstochowa : _bWydaw. PC, _c1998. |
||
| 300 |
_a129 s. : _brys., wykr. ; _c24 cm. |
||
| 490 | 1 |
_aKonferencje / Politechnika Częstochowska, _x1234-9895 ; _v26 |
|
| 504 | _aBibliogr. przy ref. | ||
| 650 | 9 |
_aElektrownie _xeksploatacja |
|
| 650 | 9 |
_aModele matematyczne _xstosowanie _xelektroenergetyka |
|
| 650 | 9 |
_aOptymalizacja _xstosowanie _xelektroenergetyka |
|
| 650 | 9 |
_aSystemy informatyczne _xstosowanie _xelektroenergetyka |
|
| 655 | _aMateriały konferencyjne | ||
| 700 | 1 |
_aBRZOZOWSKI, Władysław. _eRed. |
|
| 830 | 0 |
_aKonferencje (Politechnika Częstochowska) ; _v26 |
|
| 020 | _a8371930399 | ||
| 040 | _cBPK | ||
| 041 | 0 | _apl | |
| 080 | _a621.311.004:519.86+004.03](061) | ||
| 920 | _a83-7193-039-9 | ||
| 942 | _cKS | ||
| 008 | s pl f |000 0 pol | ||
| 999 |
_c37818 _d37818 |
||